00486nam a22001457a 4500003000500000038001800005082000800023100002000031245011100051264003400162300002500196650002900221700003200250856005800282NUST aNusrat Nadeem a200 aNaushad, Wasifa aInvestigation of Oncogenic Potential of Mouse Mammary Tumor Virus (MMTV) in Breast Cancer/cWasifa Naushad aIslamabad;bASAB NUST;c2019. a196,p;bill;c30,cm. aPhD-Applied Biosciences  aSupervisor: Dr. Hajra Sadia u http://10.250.8.41:8080/xmlui/handle/123456789/42727